| 000 | 00695nam a2200193 a 4500 | ||
|---|---|---|---|
| 001 | 000037161 | ||
| 005 | 20200930080159.0 | ||
| 008 | 120220s2002 mx 000 0 spa d | ||
| 040 |
_aDO-SdBNP _bspa _cBNPHU |
||
| 082 |
_axxxx _bE79 |
||
| 245 | 0 | 0 |
_aEstado de derecho : _bconcepto, fundamentos y democratización en América Latina / _cJoseph Raz ...[et al.] ; coordinadores Miguel Carbonell, Wistano Orozco, Rodolfo Vázquez. |
| 260 |
_aMéxico : _bSiglo Veintiuno Editores, _c2002. |
||
| 300 | _a374 p. | ||
| 504 | _aBibliografía : p. 369-374 | ||
| 700 | 1 |
_aRaz, Joseph _963564 |
|
| 700 | 1 |
_aCarbonell, Miguel _963565 |
|
| 700 | 1 |
_aOrozco, Wistano _963566 |
|
| 700 | 1 |
_aVázquez, Rodolfo _963567 |
|
| 999 |
_c36651 _d36651 |
||